000 00433nam a2200193Ia 4500
005 20231108101744.0
008 140110s9999 xx 000 0 und d
020 _a9780552151825
040 _aLoreto College
041 _aEnglish
082 _aF
_bSTE
100 _aSteel,Danielle
245 _aH.R.H.
_cDanielle Steel
300 _a492p
650 _aFiction
651 _aEnglish fiction
850 _aLCLIB
942 _cBK
999 _c18019
_d68498